00294nam a2200109Ia 4500008004100000020002200041082001900063100002400082245005100106260001700157300001000174210430s9999 xx 000 0 und d a978-969-8535-15-5 a297.577 A3981I aDr. Ahmad Al Aasaal aIslam ka Khandani Nizam /cDr. Ahmad Al Aasaal aLahorebNUST a452p.